000 01198naa a22003497a 4500
001 BR6500309
003 BR-BrBNA
005 20240918173259.0
007 ta
008 230509b bl.||||| |||| 00| 0 por d
040 _aBR-BrBNA
_bpor
_cBiblioteca Nacional de Agricultura
041 _a(En)
072 _aL01; L02
_b6702
_b1930
_bG514
090 _aL01 BR6500309
100 1 _aQuinn, L.R.C.
100 1 _aMott, G.O.
100 1 _aBisschoff, W.V.A.
100 1 _aJones, M.B.
100 1 _aRocha, G.L. da
111 1 _a9. Congresso Internacional de Pastagens
_cSao Paulo, SP (Brazil)
_d7-20 Jan 1965
245 1 _aBeef production of six tropical grasses in Central Brazil
260 3 _aSao Paulo, SP (Brasil):
_c1965.
500 _aAnais do 9. Congresso Internacional de Pastagens. V. 2 Sao Paulo, SP (Brasil): 1965. p. 1015-1020 (BR6500309-AM)L01
650 _aPRODUCAO ANIMAL
650 _aCARNE
650 _aBOVINO
650 _aNUTRICAO ANIMAL
650 _aGRAMINEA TROPICAL
773 0 _tAnais do 9. Congresso Internacional de Pastagens. V. 2
_wL01 BR6500309
_gSao Paulo, SP (Brasil), 1965. p. 1015-1020
909 _a202404
_bLucia
_c55
_dLucia Elande
942 _cAM
_2AGRIS
999 _c303742
_d303742